| 000 | 00658cad a22001935a 4500 | ||
|---|---|---|---|
| 001 | L158628 | ||
| 008 | 150515e20150425xxk 000 0 eng d | ||
| 035 | _a(Sirsi) u158628 | ||
| 041 | 0 | _aeng | |
| 100 | 1 | _aMoore, Sarah | |
| 245 | 0 | 0 |
_aSettling disputes _bhow will the new Part 36 help? |
| 260 | _c2015 | ||
| 490 |
_aEstates Gazette _v(1516) 25 April 2015, 84(1) |
||
| 520 | _aDiscusses how Part 36 of the new Civil Procedure Rules could help in settling disputes. Includes information about time limited offers, appeals and pre-action costs. | ||
| 590 | _aKA | ||
| 651 | 4 |
_aEngland and Wales _y1543- |
|
| 690 |
_aDispute resolution _96236 |
||
| 942 | _n0 | ||
| 999 |
_c84638 _d84638 |
||